[Event "4. Open Memorial Pedro Lezcano 2011"]
[Site "Gran Canaria ESP"]
[Date "2011.04.21"]
[Round "4.5"]
[White "Vera Gonzalez-Quevedo, Reynaldo"]
[Black "Meneses Gonzalez, Kevin Moises"]
[Result "1-0"]
[WhiteElo "2518"]
[BlackElo "2150"]
[PlyCount "43"]
[EventDate "2011.04.18"]
[EventType "swiss"]
[EventRounds "9"]
[EventCountry "ESP"]
[Source "lmi"]
[SourceDate "2011.04.18"]

1. d4 d5 2. Nf3 Nf6 3. c4 c6 4. Nc3 e6 5. Bg5 Nbd7 6. cxd5 exd5 7. e3 Be7 8.
Bd3 O-O 9. Qc2 Re8 10. O-O Nf8 11. h3 Ng6 12. Ne5 Ne4 13. Bxe7 Qxe7 14. Nxe4
Nxe5 15. dxe5 dxe4 16. Bxe4 g6 17. f4 f6 18. Bxg6 hxg6 19. Qxg6+ Kh8 20. exf6
Qf8 21. Qh5+ Kg8 22. Rf3 1-0

[Event "4. Open Memorial Pedro Lezcano 2011"]
[Site "Gran Canaria ESP"]
[Date "2011.04.21"]
[Round "4.6"]
[White "Martin Hernandez, Ruben"]
[Black "Garcia Padron, Jose"]
[Result "0-1"]
[WhiteElo "2095"]
[BlackElo "2434"]
[PlyCount "72"]
[EventDate "2011.04.18"]
[EventType "swiss"]
[EventRounds "9"]
[EventCountry "ESP"]
[Source "lmi"]
[SourceDate "2011.04.18"]

1. Nf3 d5 2. c4 dxc4 3. e3 Nf6 4. Bxc4 e6 5. O-O c5 6. d4 Nc6 7. Nc3 a6 8. a4
Qc7 9. Qe2 Bd6 10. Rd1 O-O 11. Bd2 b6 12. Rac1 Bb7 13. Be1 cxd4 14. exd4 Bf4
15. Bd2 Bxd2 16. Rxd2 Rfd8 17. Rdd1 Na5 18. Ba2 Qd6 19. Ne5 Nc6 20. Nxf7 Kxf7
21. d5 exd5 22. Nxd5 Kf8 23. Nxb6 Nd4 24. Qc4 Ne2+ 25. Kf1 Bd5 26. Nxd5 Nxc1
27. Qxc1 Rac8 28. Qe3 Rc2 29. g4 Rxb2 30. g5 Re8 31. Qf3 Ree2 32. Qxe2 Rxe2 33.
Kxe2 Qe5+ 34. Kf1 Ng4 35. Rc1 Nxh2+ 36. Kg2 Qxg5+ 0-1

[Event "4. Open Memorial Pedro Lezcano 2011"]
[Site "Gran Canaria ESP"]
[Date "2011.04.21"]
[Round "4.7"]
[White "Hernando Rodrigo, Jose Maria"]
[Black "Rodriguez Perez, David"]
[Result "1-0"]
[WhiteElo "2313"]
[BlackElo "2029"]
[PlyCount "55"]
[EventDate "2011.04.18"]
[EventType "swiss"]
[EventRounds "9"]
[EventCountry "ESP"]
[Source "lmi"]
[SourceDate "2011.04.18"]

1. d4 Nf6 2. Nf3 g6 3. g3 Bg7 4. Bg2 O-O 5. O-O d6 6. c3 Nbd7 7. Re1 Re8 8. e4
e5 9. Qc2 c6 10. a4 a5 11. Na3 Qc7 12. b3 Rb8 13. Bb2 b5 14. Bf1 bxa4 15. bxa4
Nb6 16. Rab1 exd4 17. cxd4 Nxe4 18. d5 Bf5 19. Bxg7 Kxg7 20. Bd3 Qe7 21. dxc6
d5 22. Nb5 Qc5 23. Qxc5 Nxc5 24. Rxe8 Rxe8 25. Bxf5 gxf5 26. Nd6 Re6 27. Rxb6
Nxa4 28. Rb8 1-0

[Event "4. Open Memorial Pedro Lezcano 2011"]
[Site "Gran Canaria ESP"]
[Date "2011.04.21"]
[Round "4.8"]
[White "Lopez Pereyra, Antonio"]
[Black "Vega Gutierrez, Belinda"]
[Result "1-0"]
[WhiteElo "2119"]
[BlackElo "2255"]
[PlyCount "55"]
[EventDate "2011.04.18"]
[EventType "swiss"]
[EventRounds "9"]
[EventCountry "ESP"]
[Source "lmi"]
[SourceDate "2011.04.18"]

1. e4 e5 2. f4 Bc5 3. Qh5 d6 4. fxe5 g6 5. Qf3 dxe5 6. Qg3 Nd7 7. d3 Ngf6 8.
Be2 h5 9. Bg5 c6 10. Nd2 h4 11. Bxh4 Bxg1 12. Bxf6 Bxh2 13. Rxh2 Qxf6 14. Rxh8+
Qxh8 15. O-O-O Nf8 16. Nc4 Qh6+ 17. Kb1 Qf4 18. Qe1 b5 19. Nd6+ Kd7 20. Nxc8
Kxc8 21. Qc3 Qf6 22. Rf1 Qe6 23. Bg4 Qxg4 24. Qxc6+ Kb8 25. Qd6+ Kc8 26. Qxf8+
Kb7 27. Rxf7+ Kb6 28. Rf6+ 1-0

[Event "4. Open Memorial Pedro Lezcano 2011"]
[Site "Gran Canaria ESP"]
[Date "2011.04.21"]
[Round "4.9"]
[White "Gonzalez Garcia, Guillermo W"]
[Black "Herrera Reyes, Jose Antonio"]
[Result "1/2-1/2"]
[WhiteElo "2203"]
[BlackElo "2111"]
[PlyCount "25"]
[EventDate "2011.04.18"]
[EventType "swiss"]
[EventRounds "9"]
[EventCountry "ESP"]
[Source "lmi"]
[SourceDate "2011.04.18"]

1. Nf3 d5 2. d4 c6 3. c4 Nf6 4. e3 e6 5. Qc2 Bd6 6. Nbd2 O-O 7. Bd3 Nbd7 8. b3
e5 9. dxe5 Nxe5 10. Nxe5 Bxe5 11. Rb1 d4 12. Nf3 dxe3 13. Bxe3 1/2-1/2

[Event "4. Open Memorial Pedro Lezcano 2011"]
[Site "Gran Canaria ESP"]
[Date "2011.04.21"]
[Round "4.10"]
[White "Menvielle Laccourreye, Augusto"]
[Black "Garcia Rodriguez, Sara"]
[Result "1-0"]
[WhiteElo "2265"]
[BlackElo "1975"]
[PlyCount "91"]
[EventDate "2011.04.18"]
[EventType "swiss"]
[EventRounds "9"]
[EventCountry "ESP"]
[Source "lmi"]
[SourceDate "2011.04.18"]

1. e4 c5 2. Nf3 d6 3. c3 Nf6 4. Bd3 Nc6 5. Bc2 Bg4 6. d3 e6 7. Nbd2 Be7 8. h3
Bh5 9. Nf1 d5 10. Qe2 O-O 11. Ng3 Bxf3 12. Qxf3 Ne5 13. Qe2 dxe4 14. Nxe4 Nxe4
15. Qxe4 Qd5 16. Bf4 Ng6 17. Be3 Rad8 18. O-O Qxe4 19. dxe4 Ne5 20. Rad1 Nc4
21. Bc1 a6 22. Rxd8 Rxd8 23. Rd1 Kf8 24. Kf1 b5 25. Ke2 Rxd1 26. Bxd1 Bf6 27.
f4 e5 28. g3 Ke7 29. Bb3 Nb6 30. Be3 Nd7 31. Bd5 c4 32. f5 Kd6 33. b3 cxb3 34.
axb3 Bd8 35. Bxf7 Ba5 36. b4 Bc7 37. g4 h6 38. h4 a5 39. g5 hxg5 40. hxg5 a4
41. c4 bxc4 42. Bxc4 Bb6 43. f6 g6 44. Bc1 Kc6 45. Bf7 Nf8 46. Be8+ 1-0

[Event "4. Open Memorial Pedro Lezcano 2011"]
[Site "Gran Canaria ESP"]
[Date "2011.04.21"]
[Round "4.11"]
[White "Garcia Blanco, Omar"]
[Black "Capote Robayna, Nathaniel"]
[Result "0-1"]
[WhiteElo "2209"]
[BlackElo "1962"]
[PlyCount "102"]
[EventDate "2011.04.18"]
[EventType "swiss"]
[EventRounds "9"]
[EventCountry "ESP"]
[Source "lmi"]
[SourceDate "2011.04.18"]

1. e4 e6 2. d4 d5 3. Nd2 Nf6 4. e5 Nfd7 5. Bd3 c5 6. c3 Nc6 7. Ne2 cxd4 8. cxd4
f6 9. exf6 Nxf6 10. Nf3 Bd6 11. O-O Qc7 12. Nc3 a6 13. h3 O-O 14. Be3 b5 15.
Rc1 Bd7 16. Re1 Rae8 17. Ne5 Qb7 18. f4 Na5 19. g4 Nc4 20. Qe2 b4 21. Nd1 Nxe3
22. Qxe3 Bb5 23. Bb1 Nd7 24. Nf2 Nxe5 25. fxe5 Be7 26. Nd3 Bxd3 27. Qxd3 g6 28.
Qe3 Bd8 29. g5 Bb6 30. Rf1 Qa7 31. Rxf8+ Rxf8 32. Rd1 Qf7 33. Rc1 Qf4 34. Qxf4
Rxf4 35. Rc8+ Kf7 36. Bd3 Bxd4+ 37. Kh1 Bxe5 38. Bxa6 Rh4 39. Bf1 Bxb2 40. Rc7+
Kf8 41. Rb7 Bc1 42. Rb8+ Ke7 43. Rb7+ Kd6 44. Rb6+ Ke5 45. Bb5 Rxh3+ 46. Kg2
Ra3 47. Bd7 Rxa2+ 48. Kf3 Ra3+ 49. Ke2 b3 50. Rxe6+ Kd4 51. Kd1 Bxg5 0-1

[Event "4. Open Memorial Pedro Lezcano 2011"]
[Site "Gran Canaria ESP"]
[Date "2011.04.21"]
[Round "4.12"]
[White "Navarro Molina, David"]
[Black "Gutierrez Olivares, Daniel"]
[Result "0-1"]
[WhiteElo "2055"]
[BlackElo "2205"]
[PlyCount "82"]
[EventDate "2011.04.18"]
[EventType "swiss"]
[EventRounds "9"]
[EventCountry "ESP"]
[Source "lmi"]
[SourceDate "2011.04.18"]

1. d4 e6 2. Nf3 Nf6 3. c4 b6 4. g3 Ba6 5. Qc2 c5 6. d5 exd5 7. cxd5 Bb7 8. Bg2
Bxd5 9. Nc3 Bc6 10. O-O Be7 11. Rd1 Qc7 12. e4 d6 13. Nh4 O-O 14. Nf5 Rd8 15.
Qe2 Bf8 16. Bf4 Ne8 17. Qg4 Kh8 18. Bg5 f6 19. Bf4 Nd7 20. Nd5 Bxd5 21. Rxd5
Ne5 22. Qe2 Qc6 23. Rc1 Nc7 24. Rd2 Qb5 25. Qd1 Ne6 26. Be3 g6 27. Nxd6 Bxd6
28. Rxd6 Qxb2 29. Qd5 Rxd6 30. Qxd6 Re8 31. Bh3 Qxa2 32. Bf4 Nf3+ 33. Kg2 Nfd4
34. Qd7 Nxf4+ 35. gxf4 Rxe4 36. Qd6 Kg7 37. Qb8 Qe2 38. Rc3 Re7 39. Ra3 Qe4+
40. f3 Qe2+ 41. Kg3 Qe1+ 0-1

[Event "4. Open Memorial Pedro Lezcano 2011"]
[Site "Gran Canaria ESP"]
[Date "2011.04.21"]
[Round "4.13"]
[White "Alvarado Ascanio, Francisco"]
[Black "Lopez De Turiso, Jose Angel"]
[Result "1-0"]
[WhiteElo "2195"]
[BlackElo "2053"]
[PlyCount "73"]
[EventDate "2011.04.18"]
[EventType "swiss"]
[EventRounds "9"]
[EventCountry "ESP"]
[Source "lmi"]
[SourceDate "2011.04.18"]

1. d4 d5 2. Nf3 e6 3. e3 f5 4. c4 Nf6 5. g3 c6 6. Bg2 Bd6 7. b3 O-O 8. O-O Qe7
9. Bb2 Bd7 10. Nbd2 Be8 11. Qc2 Bh5 12. Ne5 Nbd7 13. cxd5 cxd5 14. Rac1 g5 15.
f3 g4 16. f4 Bf7 17. Kf2 h5 18. Rg1 Rfc8 19. Qxc8+ Rxc8 20. Rxc8+ Kg7 21. h3
Nb6 22. Rc2 Be8 23. hxg4 Nxg4+ 24. Nxg4 hxg4 25. Bf1 Nd7 26. Nb1 Nf6 27. Bd3
Kg6 28. Rh1 Bc6 29. Rcc1 Qf8 30. Rh4 Be7 31. Rh2 Ne8 32. Rch1 Nd6 33. Rh8 Qg7
34. Ba3 Bf8 35. R1h5 Qe7 36. Rg5+ Kf6 37. Rgg8 1-0

[Event "4. Open Memorial Pedro Lezcano 2011"]
[Site "Gran Canaria ESP"]
[Date "2011.04.21"]
[Round "4.14"]
[White "Sanchez Quintero, Raul"]
[Black "Perez Rosales, Pedro"]
[Result "1/2-1/2"]
[WhiteElo "2054"]
[BlackElo "2148"]
[PlyCount "25"]
[EventDate "2011.04.18"]
[EventType "swiss"]
[EventRounds "9"]
[EventCountry "ESP"]
[Source "lmi"]
[SourceDate "2011.04.18"]

1. e4 e5 2. Nf3 Nc6 3. Bb5 a6 4. Ba4 Nf6 5. O-O b5 6. Bb3 Be7 7. Re1 O-O 8. c3
Bb7 9. d4 d6 10. d5 Na5 11. Bc2 c5 12. Nbd2 Qc7 13. b3 1/2-1/2

[Event "4. Open Memorial Pedro Lezcano 2011"]
[Site "Gran Canaria ESP"]
[Date "2011.04.21"]
[Round "4.15"]
[White "Galvan Sarmiento, Jose Luis"]
[Black "Rodriguez Melian, Jose Luis"]
[Result "1-0"]
[WhiteElo "1997"]
[BlackElo "2141"]
[PlyCount "91"]
[EventDate "2011.04.18"]
[EventType "swiss"]
[EventRounds "9"]
[EventCountry "ESP"]
[Source "lmi"]
[SourceDate "2011.04.18"]

1. d4 Nf6 2. Nf3 g6 3. h3 Bg7 4. Bf4 d5 5. e3 c5 6. c3 O-O 7. Be2 Nfd7 8. O-O
Nc6 9. Qb3 c4 10. Qc2 e5 11. dxe5 Ndxe5 12. Rd1 Bf5 13. Qd2 Qb6 14. Ne1 Rad8
15. Qc1 Nb8 16. Bxe5 Bxe5 17. Nf3 Nc6 18. Na3 Bb8 19. Nc2 Qc7 20. Ncd4 Be4 21.
g3 Ne5 22. Nxe5 Qxe5 23. Bf3 h5 24. h4 g5 25. hxg5 h4 26. gxh4 Qh2+ 27. Kf1
Bd3+ 28. Rxd3 cxd3 29. Qd1 Qxh4 30. Qxd3 Be5 31. Nf5 Qc4 32. Ke2 Rfe8 33. Rh1
Qxa2 34. Nh6+ Kf8 35. Qf5 d4 36. cxd4 Bxd4 37. Kf1 Bg7 38. Qc5+ Re7 39. Nf5 Qe6
40. Bxb7 Bxb2 41. Rh6 Qd7 42. Rd6 Qe8 43. Bc6 Rc8 44. Qb4 Ba3 45. Qd4 Re4 46.
Qg7# 1-0

[Event "4. Open Memorial Pedro Lezcano 2011"]
[Site "Gran Canaria ESP"]
[Date "2011.04.21"]
[Round "4.16"]
[White "Perez Aleman, Pedro Tomas"]
[Black "Perez Barreto, Adrian"]
[Result "1-0"]
[WhiteElo "2108"]
[BlackElo "1861"]
[PlyCount "73"]
[EventDate "2011.04.18"]
[EventType "swiss"]
[EventRounds "9"]
[EventCountry "ESP"]
[Source "lmi"]
[SourceDate "2011.04.18"]

1. c4 Nf6 2. Nf3 g6 3. Nc3 Bg7 4. e4 d6 5. d4 O-O 6. Be2 e5 7. O-O Nc6 8. d5
Ne7 9. Ne1 Ne8 10. Be3 f5 11. f3 f4 12. Bf2 g5 13. c5 Ng6 14. Rc1 Rf7 15. cxd6
cxd6 16. Nb5 a6 17. Na3 Rb8 18. Nd3 Nf6 19. Qb3 g4 20. Bb6 Qf8 21. Rc7 g3 22.
h3 Bh8 23. Rfc1 Ne7 24. Nxe5 Rg7 25. Nec4 Rg5 26. Nxd6 Bxh3 27. gxh3 Re5 28.
Nf5 Nxf5 29. d6+ Nd5 30. Bc4 Bf6 31. Bxd5+ Kh8 32. exf5 Qxd6 33. Be4 Rxe4 34.
fxe4 Bd4+ 35. Kg2 Bxb6 36. Rc8+ Bd8 37. Rd1 1-0

[Event "4. Open Memorial Pedro Lezcano 2011"]
[Site "Gran Canaria ESP"]
[Date "2011.04.21"]
[Round "4.17"]
[White "Ramirez Medina, Oscar"]
[Black "Rodriguez Lapetra, Pablo"]
[Result "0-1"]
[WhiteElo "1931"]
[BlackElo "2105"]
[PlyCount "82"]
[EventDate "2011.04.18"]
[EventType "swiss"]
[EventRounds "9"]
[EventCountry "ESP"]
[Source "lmi"]
[SourceDate "2011.04.18"]

1. Nf3 Nf6 2. g3 g6 3. Bg2 Bg7 4. O-O O-O 5. d3 d5 6. Nbd2 c5 7. Re1 Nc6 8. e4
dxe4 9. dxe4 Qc7 10. c3 Rd8 11. Qe2 Ng4 12. h3 Nge5 13. Nc4 Nxf3+ 14. Qxf3 b5
15. Ne3 e6 16. Qe2 Rb8 17. f4 a5 18. e5 a4 19. Ng4 b4 20. Be3 a3 21. bxa3 bxc3
22. Qc2 Nd4 23. Qxc3 Bb7 24. Bxb7 Qxb7 25. Nh2 Bf8 26. a4 Qa6 27. Bxd4 cxd4 28.
Qf3 Qxa4 29. Ng4 d3 30. Nf6+ Kh8 31. h4 Qd4+ 32. Kh2 Rbc8 33. h5 d2 34. Red1
Qxa1 35. Rxa1 Rc1 36. Qb7 d1=Q 37. Rxc1 Qxc1 38. Qxf7 Qc2+ 39. Kh3 Qf5+ 40. Kh4
g5+ 41. fxg5 Rd4+ 0-1

[Event "4. Open Memorial Pedro Lezcano 2011"]
[Site "Gran Canaria ESP"]
[Date "2011.04.21"]
[Round "4.18"]
[White "Alvarado Diaz, Alejandro"]
[Black "Korneev, Svyatoslav"]
[Result "1/2-1/2"]
[WhiteElo "2104"]
[BlackElo "1846"]
[PlyCount "136"]
[EventDate "2011.04.18"]
[EventType "swiss"]
[EventRounds "9"]
[EventCountry "ESP"]
[Source "lmi"]
[SourceDate "2011.04.18"]

1. c3 e6 2. d4 d5 3. Nf3 f5 4. g3 Nf6 5. Bg2 c6 6. O-O Be7 7. Nbd2 O-O 8. Ne5
Nbd7 9. Ndf3 Qe8 10. Nd3 h6 11. a4 a5 12. b3 Ne4 13. Qc2 b6 14. Ba3 Bxa3 15.
Rxa3 Ba6 16. Raa1 Nd6 17. Rfe1 Rc8 18. Qb2 c5 19. Nde5 cxd4 20. cxd4 Nxe5 21.
Nxe5 Kh7 22. e3 Nf7 23. Nf3 Qd7 24. b4 Bd3 25. bxa5 bxa5 26. Qd2 Be4 27. Qxa5
Ra8 28. Qb4 Rfb8 29. Qa3 Bxf3 30. Bxf3 Ra5 31. Rec1 Rba8 32. Bd1 Nd6 33. Qc3
Kg6 34. Qc7 Qxc7 35. Rxc7 Kf6 36. Rc6 R8a6 37. Rxa6 Rxa6 38. Rc1 Nc4 39. Kf1
Nb2 40. Bb3 Nxa4 41. Rc2 Nb6 42. Rc6 Ke7 43. Rc7+ Nd7 44. Kg2 Kd6 45. Rc8 Nf6
46. Bd1 Kd7 47. Rb8 Kc7 48. Rf8 Ra7 49. h3 Kd6 50. g4 Ke7 51. Rb8 fxg4 52. hxg4
Ne4 53. Bc2 Nf6 54. Kg3 Nd7 55. Rb3 Rc7 56. Bd3 Rc1 57. Rb7 Kd6 58. Bb5 Nf6 59.
Rxg7 Nh5+ 60. gxh5 Rg1+ 61. Kf3 Rxg7 62. Be8 Ke7 63. Bg6 Kf6 64. Kf4 Ra7 65. f3
Ra4 66. Be8 Rb4 67. Kg3 e5 68. dxe5+ Kxe5 1/2-1/2

[Event "4. Open Memorial Pedro Lezcano 2011"]
[Site "Gran Canaria ESP"]
[Date "2011.04.21"]
[Round "4.19"]
[White "Kleine, Peter"]
[Black "Lopez Colon, Francisco"]
[Result "0-1"]
[WhiteElo "1846"]
[BlackElo "2099"]
[PlyCount "64"]
[EventDate "2011.04.18"]
[EventType "swiss"]
[EventRounds "9"]
[EventCountry "ESP"]
[Source "lmi"]
[SourceDate "2011.04.18"]

1. b4 d5 2. Bb2 Nf6 3. e3 e5 4. Bxe5 Bxb4 5. a3 Bd6 6. Bxd6 Qxd6 7. Nf3 O-O 8.
Be2 c5 9. c3 c4 10. a4 Bf5 11. Na3 a6 12. Nc2 Nfd7 13. O-O Nc5 14. Nfd4 Bg6 15.
f4 Be4 16. a5 Nbd7 17. Bf3 f5 18. Rb1 Nf6 19. Rb6 Qc7 20. Nb4 Rad8 21. Bxe4
Nfxe4 22. Qc2 Rd6 23. Nf3 Rfd8 24. Rxd6 Rxd6 25. Qa2 Nb3 26. Nd4 Nbxd2 27. Nxf5
Nxf1 28. Qa4 Qd7 29. Qxd7 Rxd7 30. Nxd5 Nfd2 31. g4 g6 32. Nb6 Rd3 0-1

[Event "4. Open Memorial Pedro Lezcano 2011"]
[Site "Gran Canaria ESP"]
[Date "2011.04.21"]
[Round "4.20"]
[White "Arana Herrera, Antonio"]
[Black "Rodriguez Ferraz, Borja"]
[Result "1/2-1/2"]
[WhiteElo "1819"]
[BlackElo "2079"]
[PlyCount "94"]
[EventDate "2011.04.18"]
[EventType "swiss"]
[EventRounds "9"]
[EventCountry "ESP"]
[Source "lmi"]
[SourceDate "2011.04.18"]

1. e4 e5 2. Nf3 Nc6 3. Bc4 Nf6 4. d3 Bc5 5. c3 d6 6. h3 a6 7. Bb3 Ba7 8. Be3
Ne7 9. Nbd2 Ng6 10. Qe2 Be6 11. Bc2 Qe7 12. g4 h6 13. Nf1 Nh7 14. Ng3 Bxe3 15.
fxe3 Ng5 16. Nd2 Qd7 17. Nf5 Bxf5 18. gxf5 Ne7 19. Bb3 g6 20. h4 Nh7 21. Rf1
Rf8 22. O-O-O O-O-O 23. d4 Nc6 24. Rg1 Qe7 25. Qg4 Nf6 26. Qh3 Qd7 27. Qf3 gxf5
28. exf5 exd4 29. exd4 Ne7 30. Rdf1 d5 31. Qf4 h5 32. Bc2 Rg8 33. Rg5 Qd6 34.
Qxd6 Rxd6 35. Nf3 Rh8 36. Rg7 Rf8 37. Ne5 Ne4 38. Nxf7 Rf6 39. Ng5 Nxf5 40.
Nxe4 dxe4 41. Rg5 Nxh4 42. Rxf6 Rxf6 43. Bxe4 Rf1+ 44. Kd2 Nf3+ 45. Bxf3 Rxf3
46. Rxh5 Rf2+ 47. Kc1 Kd7 1/2-1/2

[Event "4. Open Memorial Pedro Lezcano 2011"]
[Site "Gran Canaria ESP"]
[Date "2011.04.21"]
[Round "4.21"]
[White "Acosta Sosa, Juan Manuel"]
[Black "Castilla Arteaga, Carlos David"]
[Result "1-0"]
[WhiteElo "2066"]
[BlackElo "1795"]
[PlyCount "51"]
[EventDate "2011.04.18"]
[EventType "swiss"]
[EventRounds "9"]
[EventCountry "ESP"]
[Source "lmi"]
[SourceDate "2011.04.18"]

1. d4 Nf6 2. c4 e6 3. Nf3 d5 4. Nc3 c6 5. Bg5 Nbd7 6. cxd5 exd5 7. e3 Be7 8.
Bd3 Ne4 9. Bxe7 Qxe7 10. Qc2 Ndf6 11. O-O O-O 12. Rab1 h6 13. b4 Nxc3 14. Qxc3
Ne4 15. Qc2 a6 16. a4 Bd7 17. Ne5 Nf6 18. Qc5 Qxc5 19. bxc5 Ra7 20. Rb6 Rc8 21.
f3 Be6 22. Rfb1 Rc7 23. Nxc6 bxc6 24. Rb8+ Bc8 25. Bf5 Rab7 26. R1xb7 1-0

[Event "4. Open Memorial Pedro Lezcano 2011"]
[Site "Gran Canaria ESP"]
[Date "2011.04.21"]
[Round "4.22"]
[White "Capote Robayna, Johanna"]
[Black "Fernandez Manrique, Agustin"]
[Result "0-1"]
[WhiteElo "1780"]
[BlackElo "2158"]
[PlyCount "86"]
[EventDate "2011.04.18"]
[EventType "swiss"]
[EventRounds "9"]
[EventCountry "ESP"]
[Source "lmi"]
[SourceDate "2011.04.18"]

1. e4 e6 2. d4 d5 3. Nc3 Bb4 4. exd5 exd5 5. Bd3 Nc6 6. Nge2 Bg4 7. f3 Bh5 8.
O-O Nge7 9. a3 Bxc3 10. bxc3 Bg6 11. Nf4 Bxd3 12. Qxd3 O-O 13. Rb1 b6 14. a4
Ng6 15. Nxg6 hxg6 16. Re1 Qd6 17. Bg5 Rfe8 18. Re3 Rxe3 19. Qxe3 f6 20. Bf4 Qd7
21. Re1 Kf7 22. Kf2 Na5 23. g4 g5 24. Bg3 Nc4 25. Qd3 g6 26. f4 Qxg4 27. fxg5
Qxg5 28. Bxc7 Re8 29. Rxe8 Kxe8 30. Qe2+ Kd7 31. Bb8 a5 32. Bg3 Qd2 33. Qxd2
Nxd2 34. Ke2 Nc4 35. h4 Nb2 36. Bf4 Nxa4 37. Kd2 Nb2 38. Kc1 Nc4 39. Kb1 Ke6
40. Kc1 Kf5 41. Bg3 Kg4 42. Be1 Kf3 43. Kd1 f5 0-1

[Event "4. Open Memorial Pedro Lezcano 2011"]
[Site "Gran Canaria ESP"]
[Date "2011.04.21"]
[Round "4.23"]
[White "Camino Carrio, Nicanor"]
[Black "Aguilera Suarez, Antonio"]
[Result "0-1"]
[WhiteElo "2147"]
[BlackElo "1829"]
[PlyCount "124"]
[EventDate "2011.04.18"]
[EventType "swiss"]
[EventRounds "9"]
[EventCountry "ESP"]
[Source "lmi"]
[SourceDate "2011.04.18"]

1. e4 d6 2. d4 Nf6 3. Nc3 g6 4. Bg5 Bg7 5. Qd2 a5 6. O-O-O c6 7. Kb1 b5 8. Bd3
a4 9. e5 dxe5 10. dxe5 Nd5 11. Bxb5 Nxc3+ 12. bxc3 Qxd2 13. Bxc6+ Nxc6 14. Rxd2
Nxe5 15. Ne2 Nc4 16. Rd3 Bf5 17. Rd5 O-O 18. Nd4 Be4 19. Rc5 Rfc8 20. Bxe7 Rxc5
21. Bxc5 Bxg2 22. Re1 Nd2+ 23. Kb2 Rc8 24. Bb4 Nf3 25. Nxf3 Bxf3 26. Re3 Bd5
27. Ka3 Bh6 28. Re5 Bc6 29. Re1 Bb5 30. Kb2 Bf4 31. h4 h5 32. Re4 Bh6 33. Re5
Be8 34. Re4 Bg7 35. Kc1 Bf6 36. Kd2 Bd7 37. Ba5 Rc5 38. Bb4 Rd5+ 39. Kc1 Re5
40. Rf4 Rf5 41. Re4 Rxf2 42. c4 Bf5 43. Re8+ Kg7 44. Bd2 Rf1+ 45. Re1 Rxe1+ 46.
Bxe1 Be6 47. c5 Bxa2 48. c6 Be6 49. c3 Kf8 50. Kb2 Ke7 51. Bg3 Kd8 52. Ka3 Bb3
53. Kb4 Be7+ 54. Kb5 a3 55. Be5 a2 56. c4 Bxh4 57. Kb4 Bc2 58. Ka3 Bb1 59. Kb4
Be7+ 60. c5 h4 61. Kb5 Kc8 62. Kc4 h3 0-1

[Event "4. Open Memorial Pedro Lezcano 2011"]
[Site "Gran Canaria ESP"]
[Date "2011.04.21"]
[Round "4.24"]
[White "Molina Rodriguez, Borja"]
[Black "Diaz Suarez, Cayetano"]
[Result "1-0"]
[WhiteElo "2079"]
[BlackElo "1827"]
[PlyCount "83"]
[EventDate "2011.04.18"]
[EventType "swiss"]
[EventRounds "9"]
[EventCountry "ESP"]
[Source "lmi"]
[SourceDate "2011.04.18"]

1. e4 c5 2. Nf3 e6 3. d4 cxd4 4. Nxd4 Nf6 5. Nc3 Bb4 6. e5 Nd5 7. Bd2 Nxc3 8.
bxc3 Be7 9. Qg4 O-O 10. Bh6 g6 11. h4 Qa5 12. Qg3 Rd8 13. Nb3 Qc7 14. h5 d6 15.
hxg6 fxg6 16. Qh3 dxe5 17. Bd2 Bf6 18. g4 Qf7 19. O-O-O Nd7 20. Be3 Be7 21. g5
b6 22. Bg2 Rb8 23. Be4 Bb7 24. f3 Bxe4 25. fxe4 Ba3+ 26. Kb1 Nc5 27. Rdf1 Qe7
28. Rf6 Nxe4 29. Rxg6+ Kh8 30. Rxe6 Nxc3+ 31. Ka1 Qg7 32. Rh6 Rd1+ 33. Rxd1
Nxd1 34. g6 Kg8 35. Rxh7 Qxg6 36. Rh8+ Kg7 37. Rxb8 Nxe3 38. Qxe3 Qxc2 39.
Qxe5+ Kg6 40. Rg8+ Kf7 41. Rg7+ Kf8 42. Qf6+ 1-0

[Event "4. Open Memorial Pedro Lezcano 2011"]
[Site "Gran Canaria ESP"]
[Date "2011.04.21"]
[Round "4.25"]
[White "Padilla Mendez, Vicente"]
[Black "Gonzalez Intelangelo, Gerardo"]
[Result "0-1"]
[WhiteElo "1734"]
[BlackElo "2061"]
[PlyCount "132"]
[EventDate "2011.04.18"]
[EventType "swiss"]
[EventRounds "9"]
[EventCountry "ESP"]
[Source "lmi"]
[SourceDate "2011.04.18"]

1. e4 d5 2. exd5 Qxd5 3. Nf3 Nf6 4. Be2 c6 5. d4 Bf5 6. c4 Qa5+ 7. Bd2 Qc7 8.
Nc3 e6 9. Nh4 Bg6 10. Nxg6 hxg6 11. h3 Nbd7 12. Rc1 Be7 13. O-O O-O 14. Bf3
Rfe8 15. Re1 Qb6 16. c5 Qc7 17. b4 a6 18. a4 Nd5 19. Bxd5 exd5 20. a5 Nf8 21.
Qg4 Qc8 22. Qg3 Ne6 23. Be3 Bf6 24. Ne2 Qd7 25. Rcd1 Re7 26. Kf1 Rae8 27. Qg4
Nc7 28. Qxd7 Rxd7 29. Nc3 g5 30. g3 Rde7 31. Ke2 Ne6 32. Kf1 Nxd4 33. Bxd4
Rxe1+ 34. Rxe1 Rxe1+ 35. Kxe1 Bxd4 36. Nd1 f5 37. Ke2 Kf7 38. Kd3 Bf6 39. f3
Ke6 40. Nf2 Be5 41. g4 g6 42. Nd1 Bf6 43. Ne3 Ke5 44. Ng2 Be7 45. Ke3 d4+ 46.
Kd3 Kd5 47. Ne1 Bf6 48. Nc2 Be5 49. Na3 Bg3 50. Nc2 Bf2 51. Ke2 Bg1 52. Kd3 Ke5
53. Kc4 Kf4 54. Nxd4 Bxd4 55. Kxd4 Kxf3 56. Ke5 f4 57. Kd6 Ke4 58. Kc7 f3 59.
Kxb7 f2 60. Kxc6 f1=Q 61. Kd6 Qf6+ 62. Kd7 Kd5 63. Kc7 Qe7+ 64. Kb6 Qe6+ 65.
Kb7 Qc6+ 66. Ka7 Qb5 0-1

[Event "4. Open Memorial Pedro Lezcano 2011"]
[Site "Gran Canaria ESP"]
[Date "2011.04.21"]
[Round "5.2"]
[White "Perez Felipe, Marcos Adrian"]
[Black "Kurajica, Bojan"]
[Result "0-1"]
[WhiteElo "2310"]
[BlackElo "2531"]
[PlyCount "114"]
[EventDate "2011.04.18"]
[EventType "swiss"]
[EventRounds "9"]
[EventCountry "ESP"]
[Source "lmi"]
[SourceDate "2011.04.18"]

1. d4 Nf6 2. c4 e6 3. Nc3 Bb4 4. f3 d5 5. a3 Bxc3+ 6. bxc3 c6 7. Qc2 Nbd7 8. e4
e5 9. cxd5 cxd5 10. Bd3 Qc7 11. Ne2 b6 12. exd5 Bb7 13. c4 Rc8 14. Qb2 Ba6 15.
O-O Nxd5 16. dxe5 Bxc4 17. e6 N7f6 18. exf7+ Kxf7 19. Bf5 Rhe8 20. Rf2 Qc5 21.
Be4 Nxe4 22. fxe4+ Kg8 23. Qd4 Qxd4 24. Nxd4 Rxe4 25. Nf3 Nf4 26. Rc2 Rf8 27.
Bb2 Re2 28. Rxe2 Nxe2+ 29. Kf2 Nf4 30. Bd4 Bd5 31. Rf1 Bxf3 32. gxf3 Ne6 33.
Be5 Rf5 34. Bc3 Rc5 35. Bb4 Rc2+ 36. Kg3 a5 37. Bd6 Rc6 38. Be5 Rc5 39. Re1 Kf7
40. h4 h5 41. a4 Rd5 42. f4 Nc5 43. Ra1 Rd3+ 44. Kg2 g6 45. Bc7 Rb3 46. Bd6 Ne4
47. Be5 Ke6 48. Rc1 Nc5 49. Rd1 Nd3 50. Bc7 Kf5 51. Rf1 Kg4 52. Rg1 Kf5 53. Kh1
Nf2+ 54. Kg2 Ne4 55. Rd1 Kg4 56. Rg1 Rb2+ 57. Kf1+ Kf3 0-1

[Event "4. Open Memorial Pedro Lezcano 2011"]
[Site "Gran Canaria ESP"]
[Date "2011.04.21"]
[Round "5.3"]
[White "Lopez Pereyra, Antonio"]
[Black "Vera Gonzalez-Quevedo, Reynaldo"]
[Result "0-1"]
[WhiteElo "2119"]
[BlackElo "2518"]
[PlyCount "68"]
[EventDate "2011.04.18"]
[EventType "swiss"]
[EventRounds "9"]
[EventCountry "ESP"]
[Source "lmi"]
[SourceDate "2011.04.18"]

1. e4 c5 2. Nf3 e6 3. d4 cxd4 4. Nxd4 Nf6 5. Nc3 d6 6. Be3 a6 7. Be2 Qc7 8. O-O
Be7 9. f4 O-O 10. Qe1 b5 11. a3 Bb7 12. Bf3 Nbd7 13. Kh1 Rac8 14. Qg3 Nc5 15.
f5 e5 16. Bh6 Ne8 17. Nde2 Kh8 18. Bg5 Bxg5 19. Qxg5 Nf6 20. Ng3 Ncd7 21. Rad1
Rfd8 22. Nh5 Nxh5 23. Bxh5 Nf6 24. Bf3 Qb6 25. Rd3 a5 26. Bh5 h6 27. Qh4 b4 28.
Nd5 Bxd5 29. exd5 e4 30. Rg3 Rxc2 31. Bxf7 Qf2 32. Rg1 e3 33. h3 e2 34. Rg4
Qxg1+ 0-1